[Event "V Memorial Angelo Mo A"]
[Site "Carignano ITA"]
[Date "2010.05.07"]
[Round "1"]
[White "Babilonia, Mauricio Rafael"]
[Black "D'Agostino, Maurizio"]
[Result "0-1"]
[WhiteElo "2010"]
[BlackElo "1603"]
[PlyCount "60"]
[EventDate "2010.05.07"]

1. d4 Nf6 2. c4 e5 3. dxe5 Ng4 4. Nf3 Bc5 5. e3 Nc6 6. Nc3 Ngxe5 7. Be2 O-O 8.
a3 a5 9. O-O Re8 10. b3 Nxf3+ 11. Bxf3 Ne5 12. Bb2 Bf8 13. Be2 Ra6 14. f4 Ng6
15. e4 Nh8 16. f5 Rh6 17. Bc1 Bc5+ 18. Rf2 Qh4 19. Bxh6 Qxf2+ 20. Kh1 gxh6 21.
Nd5 Bd4 22. Rb1 c6 23. Nc7 Rxe4 24. Bf3 Rh4 25. h3 Be5 26. Bg4 Bxc7 27. Qe1
Qxe1+ 28. Rxe1 Kf8 29. Re3 h5 30. Bf3 f6 0-1

[Event "V Memorial Angelo Mo A"]
[Site "Carignano ITA"]
[Date "2010.05.07"]
[Round "1"]
[White "Blengino, Luca"]
[Black "Christen, Peter Walter"]
[Result "1/2-1/2"]
[WhiteElo "1908"]
[BlackElo "1504"]
[PlyCount "49"]
[EventDate "2010.05.07"]

1. d4 e6 2. Nf3 d5 3. c4 Nf6 4. Nc3 c6 5. e3 Bb4 6. a3 Bxc3+ 7. bxc3 O-O 8. Qc2
Nbd7 9. Bd3 Re8 10. O-O e5 11. dxe5 dxc4 12. Bxc4 Nxe5 13. Nxe5 Rxe5 14. Bd3
Qc7 15. e4 Rh5 16. f4 Ng4 17. h3 Qb6+ 18. Kh1 Ne3 19. Bxe3 Qxe3 20. Rf3 Rxh3+
21. Rxh3 Bxh3 22. Rf1 Rd8 23. Rf3 Qe1+ 24. Kh2 Bg4 25. Rg3 1/2-1/2

[Event "V Memorial Angelo Mo A"]
[Site "Carignano ITA"]
[Date "2010.05.07"]
[Round "1"]
[White "Capuzzimati, Fausto"]
[Black "D'Ingiullo, Giovanni"]
[Result "0-1"]
[WhiteElo "1497"]
[BlackElo "1888"]
[PlyCount "99"]
[EventDate "2010.05.07"]

1. e4 g6 2. d4 d6 3. Nf3 Bg7 4. Be3 e5 5. Bb5+ Nc6 6. O-O Bd7 7. c3 exd4 8.
Nxd4 Nf6 9. Nxc6 bxc6 10. Bd3 O-O 11. h3 c5 12. Nd2 Qc8 13. Qf3 Rb8 14. Rab1
Nh5 15. g4 Nf6 16. Bg5 h6 17. Bh4 g5 18. Bg3 h5 19. Qe3 Nh7 20. f3 f6 21. Qe2
Rf7 22. Nc4 Bf8 23. Ne3 Kh8 24. Nf5 Bxf5 25. exf5 h4 26. Qe6 Qxe6 27. fxe6 Rg7
28. Bh2 Rg8 29. Rf2 Bg7 30. a3 Rb6 31. Re2 Rgb8 32. Kg2 f5 33. Rc2 fxg4 34.
fxg4 Rb3 35. Ra1 Rxb2 36. Rxb2 Rxb2+ 37. Kh1 Bxc3 38. Rf1 Bf6 39. Bxd6 cxd6 40.
Bxh7 Kg7 41. Bg8 Rb3 42. Re1 Rxh3+ 43. Kg2 Rg3+ 44. Kf2 Kxg8 45. e7 Bxe7 46.
Rxe7 Rxa3 47. Re6 Rd3 48. Rg6+ Kf7 49. Rxg5 h3 50. Rh5 0-1

[Event "V Memorial Angelo Mo A"]
[Site "Carignano ITA"]
[Date "2010.05.07"]
[Round "1"]
[White "Dalmasso, Emanuele"]
[Black "Ferrario, Enrico"]
[Result "0-1"]
[WhiteElo "1506"]
[BlackElo "1913"]
[PlyCount "68"]
[EventDate "2010.05.07"]

1. d4 Nf6 2. c4 Nc6 3. Nf3 d6 4. Bf4 g6 5. Nc3 Bg7 6. e3 O-O 7. Be2 Nd7 8. h3
e5 9. Bh2 f5 10. dxe5 Ndxe5 11. Rc1 Qe8 12. Nd5 Nxf3+ 13. Bxf3 Rf7 14. b3 Ne5
15. O-O Nxf3+ 16. Qxf3 Qe4 17. Qxe4 fxe4 18. Nc3 Bf5 19. Rfd1 Raf8 20. Bg3 Bf6
21. Nb5 a6 22. Nxc7 Rxc7 23. Bxd6 Rd7 24. Bxf8 Rxd1+ 25. Rxd1 Kxf8 26. Rd6 Ke7
27. Rd5 Be6 28. Rd2 h5 29. Kh2 g5 30. f3 Be5+ 31. Kg1 exf3 32. gxf3 Bxh3 33.
Rd5 Bf6 34. f4 Be6 0-1

[Event "V Memorial Angelo Mo A"]
[Site "Carignano ITA"]
[Date "2010.05.07"]
[Round "1"]
[White "Davter, Mauro"]
[Black "Zunino, Davide"]
[Result "0-1"]
[WhiteElo "1701"]
[BlackElo "2023"]
[PlyCount "94"]
[EventDate "2010.05.07"]

1. Nf3 f5 2. c4 Nf6 3. g3 d6 4. Bg2 e5 5. d3 Be7 6. Nc3 O-O 7. O-O Qe8 8. e3
Nc6 9. a3 a5 10. Rb1 Kh8 11. Nb5 Bd8 12. b4 axb4 13. axb4 h6 14. Bd2 e4 15. Ne1
Ne5 16. Bc3 Bd7 17. Nd4 c6 18. Ne2 exd3 19. Nf4 Nxc4 20. Qxd3 d5 21. Nc2 Ne4
22. Ra1 Rxa1 23. Rxa1 Nxc3 24. Qxc3 Bf6 25. Nd4 g5 26. Nh3 f4 27. e4 f3 28. Bf1
Qxe4 29. Rd1 Nd6 30. Qxf3 Qxf3 31. Nxf3 g4 32. Nh4 gxh3 33. Ng6+ Kg7 34. Nxf8
Kxf8 35. b5 Kf7 36. f4 d4 37. bxc6 bxc6 38. Bd3 Nf5 39. g4 Ne3 40. Rc1 Ke7 41.
Be2 Kd6 42. f5 c5 43. Kf2 Be5 44. Kg1 Nd5 45. Bf1 Bf4 46. Rd1 Be3+ 47. Kh1 Nc3
0-1

[Event "V Memorial Angelo Mo A"]
[Site "Carignano ITA"]
[Date "2010.05.07"]
[Round "1"]
[White "De Paulis, Sergio"]
[Black "Mrdja, Milan"]
[Result "0-1"]
[WhiteElo "1793"]
[BlackElo "2383"]
[PlyCount "65"]
[EventDate "2010.05.07"]

1. d4 g6 2. c4 Bg7 3. Nc3 c5 4. d5 Bxc3+ 5. bxc3 f5 6. Nf3 Nf6 7. d6 Nc6 8. Bg5
Qa5 9. Bxf6 exf6 10. Qd2 b6 11. e3 Bb7 12. Bd3 O-O-O 13. O-O Rde8 14. Rfe1 Nd8
15. Qc2 Re6 16. Nd2 Rhe8 17. a4 Nc6 18. Nb3 Qa6 19. Ra2 Rxd6 20. Rea1 Rxd3 21.
Qxd3 Ne5 22. Qf1 Qxc4 23. Qxc4 Nxc4 24. a5 Kc7 25. axb6+ axb6 26. Ra7 Nd6 27.
Nd2 Nb5 28. R7a4 Nxc3 29. Rc4 Nb5 30. Rca4 c4 31. Rb4 Nd6 32. Rc1 Ra8 33. Nxc4
0-1

[Event "V Memorial Angelo Mo A"]
[Site "Carignano ITA"]
[Date "2010.05.07"]
[Round "1"]
[White "Drago, Paolo"]
[Black "Ariaudo, Claudio"]
[Result "0-1"]
[WhiteElo "1583"]
[BlackElo "1979"]
[PlyCount "136"]
[EventDate "2010.05.07"]

1. d4 Nf6 2. c4 e6 3. Nc3 Bb4 4. Bg5 h6 5. Bh4 c5 6. d5 d6 7. Rc1 Qe7 8. a3
Bxc3+ 9. Rxc3 e5 10. Bxf6 Qxf6 11. e4 O-O 12. Be2 Qe7 13. Nf3 f5 14. Nd2 fxe4
15. Nxe4 Bf5 16. Bf3 Nd7 17. O-O Nf6 18. Re1 Rf7 19. Qc2 Raf8 20. Rce3 Nxe4 21.
Bxe4 Bxe4 22. Rxe4 Rxf2 23. Qxf2 Rxf2 24. Kxf2 b5 25. b3 bxc4 26. bxc4 Qb7 27.
R1e3 a5 28. Rf3 Qb1 29. Rfe3 Qc1 30. Kg3 g6 31. h3 Kg7 32. Kh2 Qf1 33. Rf3 Qd1
34. Kg3 g5 35. Kh2 h5 36. Kg3 Qg1 37. h4 g4 38. Rfe3 Qc1 39. Kh2 Kg6 40. g3 Qf1
41. Rc3 Kf5 42. Ree3 Qf2+ 43. Kh1 e4 44. a4 Qf1+ 45. Kh2 Qd1 46. Ra3 Qc2+ 47.
Kg1 Qxc4 48. Kf2 Qxd5 49. Ke2 Qc4+ 50. Kd2 Qb4+ 51. Kc2 d5 52. Reb3 Qc4+ 53.
Rc3 Qe2+ 54. Kb1 c4 55. Kc1 d4 56. Rc2 Qe1+ 57. Kb2 Qb4+ 58. Ka2 c3 59. Rf2+
Ke5 60. Rc2 e3 61. Re2 Ke4 62. Rc2 Qc4+ 63. Ka1 e2 64. Rc1 Qb4 65. Ra2 d3 66.
Re1 Ke3 67. Rb1 Qxb1+ 68. Kxb1 e1=Q# 0-1

[Event "V Memorial Angelo Mo A"]
[Site "Carignano ITA"]
[Date "2010.05.07"]
[Round "1"]
[White "Finocchiaro, Gianluca"]
[Black "Revello, Beatrice"]
[Result "1-0"]
[WhiteElo "2087"]
[BlackElo "1734"]
[PlyCount "105"]
[EventDate "2010.05.07"]

1. e4 e5 2. Nf3 Nc6 3. d4 exd4 4. Nxd4 Bc5 5. Be3 Bb6 6. Nxc6 bxc6 7. Bxb6 cxb6
8. Nc3 Ne7 9. Bc4 O-O 10. O-O Bb7 11. Qd6 Nc8 12. Qd2 Qe7 13. Rad1 b5 14. Bb3
Nb6 15. Rfe1 Rfd8 16. e5 c5 17. Nxb5 c4 18. Nd6 cxb3 19. Nxb7 bxc2 20. Qxc2
Rdc8 21. Qe2 Rc6 22. Nd6 Nc8 23. Nf5 Qe8 24. Qd3 Nb6 25. Nd6 Qe7 26. f4 Rd8 27.
Re3 g6 28. b3 Nc8 29. Ne4 d6 30. Nf6+ Kg7 31. Rh3 Rh8 32. Nd5 Qe6 33. Re3 Rd8
34. Qd4 Kg8 35. exd6 Qxd6 36. Nf6+ Kf8 37. Nxh7+ Kg8 38. Nf6+ Kf8 39. Qxd6+
Rcxd6 40. Rxd6 Nxd6 41. g4 Kg7 42. g5 Nf5 43. Re8 Rxe8 44. Nxe8+ Kf8 45. Nc7
Nd4 46. Kf2 Ke7 47. Ke3 Nc6 48. Nb5 Ke6 49. Nd4+ Nxd4 50. Kxd4 Kd6 51. h4 a6
52. f5 gxf5 53. h5 1-0

[Event "V Memorial Angelo Mo A"]
[Site "Carignano ITA"]
[Date "2010.05.07"]
[Round "1"]
[White "Flego, Dario"]
[Black "Harbuz, Daniela"]
[Result "0-1"]
[WhiteElo "1731"]
[BlackElo "2071"]
[PlyCount "84"]
[EventDate "2010.05.07"]

1. e4 g6 2. d4 Bg7 3. g3 d6 4. Bg2 Nd7 5. Ne2 Ngf6 6. O-O O-O 7. c4 e5 8. d5
Re8 9. Nbc3 Nf8 10. b4 a5 11. Qb3 axb4 12. Qxb4 b6 13. a4 Ra5 14. Bd2 N8d7 15.
Nb5 Nc5 16. Nbc3 Bd7 17. Nc1 Qa8 18. Nb3 Nxb3 19. Qxb3 Qc8 20. Nb5 Ra8 21. a5
bxa5 22. Bxa5 Rb8 23. Qd3 Bxb5 24. cxb5 Qd7 25. Rfc1 Rb7 26. Rc6 Ra8 27. Bc3
Rab8 28. Rb1 h5 29. Ba5 Ne8 30. Qc4 Bf6 31. Bd2 h4 32. Be3 Bd8 33. Bf1 f5 34.
Bh3 Qh7 35. Bg2 fxe4 36. Bxe4 Nf6 37. Bg2 g5 38. Bxg5 Qxb1+ 39. Bf1 hxg3 40.
Qh4 gxf2+ 41. Qxf2 Qg6 42. h4 Ne4 0-1

[Event "V Memorial Angelo Mo A"]
[Site "Carignano ITA"]
[Date "2010.05.07"]
[Round "1"]
[White "Glek, Igor V."]
[Black "D'Amato, Piergiorgio"]
[Result "1-0"]
[WhiteElo "2498"]
[BlackElo "1869"]
[PlyCount "49"]
[EventDate "2010.05.07"]

1. e4 e6 2. f4 d5 3. e5 c5 4. Nf3 Nc6 5. c3 Bd7 6. Na3 Nh6 7. Nc2 Be7 8. d4 c4
9. Ne3 f6 10. exf6 gxf6 11. f5 Nxf5 12. Nxf5 exf5 13. Nh4 Be6 14. Qh5+ Bf7 15.
Qxf5 Qd7 16. Be2 O-O-O 17. Bg4 Qxf5 18. Nxf5 Kb8 19. O-O Bf8 20. Nh6 Bxh6 21.
Bxh6 Rhe8 22. h3 Bg6 23. Rxf6 Be4 24. Raf1 a6 25. Bf3 1-0

[Event "V Memorial Angelo Mo A"]
[Site "Carignano ITA"]
[Date "2010.05.07"]
[Round "1"]
[White "Gromovs, Sergejs"]
[Black "Araniti, Michelangelo"]
[Result "1-0"]
[WhiteElo "2319"]
[BlackElo "1779"]
[PlyCount "51"]
[EventDate "2010.05.07"]

1. d4 e6 2. c4 d5 3. Nc3 Nf6 4. Nf3 Be7 5. Bf4 c6 6. e3 b6 7. Qc2 Bb7 8. a3
Nbd7 9. h3 h6 10. Bd3 Rc8 11. O-O g5 12. Bg3 g4 13. hxg4 Nxg4 14. e4 h5 15.
exd5 cxd5 16. cxd5 Bxd5 17. Ba6 h4 18. Bxc8 Qxc8 19. Bf4 h3 20. Rfc1 hxg2 21.
Nxd5 Qxc2 22. Rxc2 Rh1+ 23. Kxg2 Rxa1 24. Rc8+ Bd8 25. Nb4 Ngf6 26. Ra8 1-0

[Event "V Memorial Angelo Mo A"]
[Site "Carignano ITA"]
[Date "2010.05.07"]
[Round "1"]
[White "Manni, Stefano"]
[Black "Travasino, Pierangelo"]
[Result "1-0"]
[WhiteElo "1960"]
[BlackElo "1560"]
[PlyCount "59"]
[EventDate "2010.05.07"]

1. d4 f5 2. Nf3 e6 3. g3 Nf6 4. Bg2 d6 5. O-O Be7 6. c4 O-O 7. Nc3 c5 8. Qc2
Nc6 9. dxc5 dxc5 10. Bf4 Nd7 11. Rad1 g5 12. Bd6 Bxd6 13. Rxd6 Qe7 14. Rfd1 g4
15. Nh4 Nde5 16. Bxc6 bxc6 17. Na4 a5 18. Qc3 Nf7 19. R6d2 Ra6 20. Qe3 e5 21.
Qxc5 Qf6 22. Nb6 Rxb6 23. Qxb6 f4 24. a4 fxg3 25. fxg3 Ng5 26. Rd8 Ne6 27.
Rxf8+ Qxf8 28. Qf2 Qc5 29. Qxc5 Nxc5 30. Rd8+ 1-0

[Event "V Memorial Angelo Mo A"]
[Site "Carignano ITA"]
[Date "2010.05.07"]
[Round "1"]
[White "Marholev, Dimitar"]
[Black "Roversi, Stefano"]
[Result "1-0"]
[WhiteElo "2433"]
[BlackElo "1796"]
[PlyCount "59"]
[EventDate "2010.05.07"]

1. e4 c5 2. Nc3 d6 3. Nf3 Nf6 4. d4 cxd4 5. Nxd4 Nc6 6. Bc4 g6 7. Nxc6 bxc6 8.
e5 Ng4 9. exd6 Qxd6 10. h3 Qxd1+ 11. Nxd1 Ne5 12. Bb3 e6 13. Ba4 Bd7 14. b3
Bb4+ 15. Ke2 f6 16. Bb2 Ke7 17. Ne3 Nf7 18. Rad1 Rhd8 19. Nc4 e5 20. c3 Bd6 21.
Nxd6 Nxd6 22. Ba3 Be8 23. Bc5 Ke6 24. b4 Nb5 25. Bb3+ Kf5 26. g4+ Kg5 27. Rc1
a5 28. f3 a4 29. h4+ Kh6 30. Bf8# 1-0

[Event "V Memorial Angelo Mo A"]
[Site "Carignano ITA"]
[Date "2010.05.07"]
[Round "1"]
[White "Medaglia, Enzo"]
[Black "Petritaj, Ferdinando"]
[Result "0-1"]
[WhiteElo "1747"]
[BlackElo "2196"]
[PlyCount "40"]
[EventDate "2010.05.07"]

1. e4 c6 2. d4 d5 3. Nc3 dxe4 4. Nxe4 Bf5 5. Ng3 Bg6 6. Nf3 Nd7 7. h4 h6 8. Be2
Ngf6 9. Be3 e6 10. Nh2 Bd6 11. Ng4 Qc7 12. Qd2 Nd5 13. O-O-O Nxe3 14. Nxe3 Nf6
15. Rh3 Bxg3 16. fxg3 O-O-O 17. Qe1 e5 18. dxe5 Qxe5 19. Rxd8+ Rxd8 20. Ng4 Qe4
0-1

[Event "V Memorial Angelo Mo A"]
[Site "Carignano ITA"]
[Date "2010.05.07"]
[Round "1"]
[White "Militello, Michele"]
[Black "Petkov, Vladimir"]
[Result "0-1"]
[WhiteElo "1835"]
[BlackElo "2498"]
[PlyCount "42"]
[EventDate "2010.05.07"]

1. d4 Nf6 2. Nf3 e6 3. e3 c5 4. Bd3 Nc6 5. O-O d5 6. b3 cxd4 7. exd4 Bd6 8. Bb2
Ne4 9. Nbd2 f5 10. Ne5 O-O 11. c4 Bd7 12. a3 Be8 13. Rc1 Qh4 14. Ndf3 Qh6 15.
Nxc6 Bxc6 16. Rc2 dxc4 17. Bxc4 Ng5 18. Ne5 Bxe5 19. dxe5 Rad8 20. Qc1 Nf3+ 21.
gxf3 Qg6+ 0-1

[Event "V Memorial Angelo Mo A"]
[Site "Carignano ITA"]
[Date "2010.05.08"]
[Round "2"]
[White "Araniti, Michelangelo"]
[Black "Dalmasso, Emanuele"]
[Result "1/2-1/2"]
[WhiteElo "1779"]
[BlackElo "1506"]
[PlyCount "85"]
[EventDate "2010.05.07"]

1. Nf3 Nc6 2. e4 d6 3. h3 e5 4. d4 exd4 5. Nxd4 Nxd4 6. Qxd4 Qf6 7. Qd3 Ne7 8.
Nc3 g6 9. Be3 Bg7 10. h4 h5 11. O-O-O Bd7 12. Kb1 Bc6 13. Be2 a6 14. Bd4 Qxd4
15. Qxd4 Bxd4 16. Rxd4 O-O-O 17. Bc4 f5 18. Nd5 Nxd5 19. exd5 Bd7 20. Kc1 Rde8
21. Kd2 Rh7 22. Re1 Rxe1 23. Kxe1 Re7+ 24. Kd2 Bb5 25. Bxb5 axb5 26. f3 Re5 27.
b3 Kd7 28. c4 bxc4 29. bxc4 Re8 30. g4 Ra8 31. gxh5 Rxa2+ 32. Ke3 Ra3+ 33. Kf4
gxh5 34. Kxf5 Rxf3+ 35. Kg5 Ke7 36. Kxh5 Rg3 37. Rg4 Rxg4 38. Kxg4 c5 39. dxc6
bxc6 40. Kf5 Kf7 41. h5 d5 42. cxd5 cxd5 43. Ke5 1/2-1/2

[Event "V Memorial Angelo Mo A"]
[Site "Carignano ITA"]
[Date "2010.05.08"]
[Round "2"]
[White "Ariaudo, Claudio"]
[Black "Marholev, Dimitar"]
[Result "0-1"]
[WhiteElo "1979"]
[BlackElo "2433"]
[PlyCount "72"]
[EventDate "2010.05.07"]

1. d4 Nf6 2. c4 c5 3. d5 e6 4. Nc3 exd5 5. cxd5 Bd6 6. Nf3 O-O 7. Bg5 h6 8. Bh4
Re8 9. e3 Bc7 10. Bd3 d6 11. h3 a6 12. a4 Nbd7 13. O-O Rb8 14. Qc2 g5 15. Bg3
Nf8 16. Bf5 b5 17. axb5 axb5 18. Bxc8 Qxc8 19. Nd2 N8h7 20. e4 Nh5 21. Bh2 c4
22. Ne2 g4 23. hxg4 Qxg4 24. f3 Bb6+ 25. Kh1 Qh4 26. f4 N7f6 27. Nf3 Qg4 28. e5
Nxd5 29. Qd2 Ne3 30. Rg1 Nf5 31. Rge1 d5 32. Ned4 Nhg3+ 33. Bxg3 Nxg3+ 34. Kh2
Ne4 35. Qe3 Qg3+ 36. Kg1 Kh7 0-1

[Event "V Memorial Angelo Mo A"]
[Site "Carignano ITA"]
[Date "2010.05.08"]
[Round "2"]
[White "Christen, Peter Walter"]
[Black "Babilonia, Mauricio Rafael"]
[Result "0-1"]
[WhiteElo "1504"]
[BlackElo "2010"]
[PlyCount "66"]
[EventDate "2010.05.07"]

1. e4 d5 2. exd5 Qxd5 3. Nc3 Qd6 4. d4 Nf6 5. Nf3 c6 6. Bc4 Bg4 7. Bxf7+ Kxf7
8. Ne5+ Qxe5+ 9. dxe5 Bxd1 10. Nxd1 Nd5 11. O-O e6 12. Ne3 Bc5 13. Nxd5 cxd5
14. Kh1 Nc6 15. f4 Rhf8 16. Bd2 g6 17. c3 Bb6 18. g3 Na5 19. Rad1 Nc4 20. Bc1
Ne3 21. Bxe3 Bxe3 22. Rd3 Bc5 23. Kg2 Rfd8 24. Rfd1 a5 25. Kf3 Rdb8 26. h4 h5
27. a4 b5 28. axb5 Rb7 29. Ra1 Rxb5 30. b4 Be7 31. bxa5 Raxa5 32. Rad1 Rb3 33.
Ke2 Raa3 0-1

[Event "V Memorial Angelo Mo A"]
[Site "Carignano ITA"]
[Date "2010.05.08"]
[Round "2"]
[White "D'Amato, Piergiorgio"]
[Black "Blengino, Luca"]
[Result "1/2-1/2"]
[WhiteElo "1869"]
[BlackElo "1908"]
[PlyCount "53"]
[EventDate "2010.05.07"]

1. e4 c5 2. Nf3 d6 3. d4 cxd4 4. Nxd4 Nf6 5. Nc3 g6 6. Be3 Bg7 7. f3 O-O 8. Qd2
Nc6 9. Bc4 Bd7 10. O-O-O Rc8 11. Bb3 Ne5 12. g4 Nc4 13. Bxc4 Rxc4 14. h4 h5 15.
gxh5 Nxh5 16. Nce2 b5 17. Kb1 a5 18. Bh6 Bh8 19. Rhg1 Re8 20. Rg5 Bf6 21. Rxh5
gxh5 22. Rg1+ Kh7 23. Bg7 Bxg7 24. Rxg7+ Kxg7 25. Qg5+ Kf8 26. Qh6+ Kg8 27.
Qg5+ 1/2-1/2

[Event "V Memorial Angelo Mo A"]
[Site "Carignano ITA"]
[Date "2010.05.08"]
[Round "2"]
[White "D'Ingiullo, Giovanni"]
[Black "Finocchiaro, Gianluca"]
[Result "0-1"]
[WhiteElo "1888"]
[BlackElo "2087"]
[PlyCount "42"]
[EventDate "2010.05.07"]

1. g3 g6 2. Bg2 Bg7 3. c3 d6 4. d4 Nf6 5. e4 O-O 6. Qb3 Nc6 7. Ne2 e5 8. d5 Nb8
9. O-O Nbd7 10. f4 exf4 11. Bxf4 Qe7 12. Nd2 Nc5 13. Qc2 Nxd5 14. exd5 Qxe2 15.
Rae1 Qa6 16. Re7 Bf5 17. Ne4 Qxa2 18. Qe2 Nxe4 19. Bxe4 Bxe4 20. Qg4 Qxb2 21.
Rxc7 Qb6+ 0-1

[Event "V Memorial Angelo Mo A"]
[Site "Carignano ITA"]
[Date "2010.05.08"]
[Round "2"]
[White "Ferrario, Enrico"]
[Black "Gromovs, Sergejs"]
[Result "0-1"]
[WhiteElo "1913"]
[BlackElo "2319"]
[PlyCount "60"]
[EventDate "2010.05.07"]

1. d4 g6 2. e4 Bg7 3. Nf3 d6 4. Nc3 Nf6 5. Be3 c6 6. Qd2 b5 7. Bd3 Bg4 8. Ng5
h6 9. f3 Bc8 10. Nh3 Bxh3 11. gxh3 Qc8 12. Qg2 Nbd7 13. f4 e5 14. h4 Nh5 15.
dxe5 dxe5 16. f5 b4 17. Na4 Nf4 18. Bxf4 exf4 19. fxg6 Ne5 20. gxf7+ Kxf7 21.
O-O-O Qe6 22. b3 Rhd8 23. Rhf1 Qf6 24. Qh3 Kg8 25. Be2 Ng4 26. Rxd8+ Rxd8 27.
Bd3 Ne3 28. Re1 Rxd3 29. cxd3 Qa1+ 30. Kd2 Qxa2+ 0-1

[Event "V Memorial Angelo Mo A"]
[Site "Carignano ITA"]
[Date "2010.05.08"]
[Round "2"]
[White "Harbuz, Daniela"]
[Black "D'Agostino, Maurizio"]
[Result "1-0"]
[WhiteElo "2071"]
[BlackElo "1603"]
[PlyCount "91"]
[EventDate "2010.05.07"]

1. Nf3 Nf6 2. g3 g6 3. Bg2 Bg7 4. O-O O-O 5. d3 d5 6. Nbd2 c6 7. e4 dxe4 8.
dxe4 Na6 9. Re1 Qc7 10. Qe2 Rd8 11. Nf1 Nh5 12. h3 h6 13. e5 f5 14. exf6 exf6
15. Nh4 Kh7 16. g4 Nf4 17. Qe4 Nxg2 18. Qxg6+ Kg8 19. Re8+ Rxe8 20. Qxe8+ Kh7
21. Kxg2 Rb8 22. Qg6+ Kg8 23. Bxh6 Be6 24. Ng3 Qf7 25. Qxf7+ Kxf7 26. Bxg7 Kxg7
27. Nhf5+ Kf8 28. a3 Nc7 29. Ne3 Rd8 30. Nh5 Kf7 31. Nf4 Bc8 32. Rd1 Rxd1 33.
Nxd1 b6 34. Ne3 Nb5 35. Kg3 Nd6 36. h4 Ne4+ 37. Kf3 Nc5 38. Nc4 Ba6 39. Nd6+
Kg7 40. Ne4 Nd7 41. Ne6+ Kg6 42. h5+ Kh6 43. Nd4 c5 44. Nf5+ Kh7 45. Kf4 Bb7
46. Nfd6 1-0

[Event "V Memorial Angelo Mo A"]
[Site "Carignano ITA"]
[Date "2010.05.08"]
[Round "2"]
[White "Militello, Michele"]
[Black "De Paulis, Sergio"]
[Result "1/2-1/2"]
[WhiteElo "1835"]
[BlackElo "1793"]
[PlyCount "114"]
[EventDate "2010.05.07"]

1. d4 d5 2. Nf3 Nf6 3. e3 Bg4 4. h3 Bh5 5. Be2 e6 6. Nbd2 Bd6 7. Ne5 Bxe2 8.
Qxe2 Nbd7 9. f4 O-O 10. Qf3 c5 11. c3 cxd4 12. exd4 Ne4 13. Nxe4 dxe4 14. Qxe4
Qh4+ 15. Ke2 Nxe5 16. dxe5 Bc5 17. Be3 f5 18. Qf3 Qe7 19. Rhd1 b5 20. Bxc5 Qxc5
21. Qe3 Qe7 22. Rd4 a5 23. a3 Rac8 24. Rad1 b4 25. axb4 axb4 26. Rxb4 Rc6 27.
Rd2 Rfc8 28. Rbd4 Rc4 29. Rxc4 Rxc4 30. Rd4 Rc8 31. Rd6 Qb7 32. Rd2 Qxg2+ 33.
Kd1 Qf1+ 34. Kc2 Qc4 35. Rd4 Qa2 36. Qd3 Qa8 37. Qg3 Rb8 38. h4 Qa6 39. Qg2 Qa2
40. Rb4 Rxb4 41. cxb4 Qa4+ 42. Kc3 Qa6 43. Qf2 Qa8 44. b3 Qc6+ 45. Kb2 Qe4 46.
Qd2 g6 47. Qd8+ Kg7 48. Qf6+ Kh6 49. Qg5+ Kg7 50. Kc3 Qe3+ 51. Kc4 Qe4+ 52. Kc5
Qd5+ 53. Kb6 Qd4+ 54. Kc7 Qa7+ 55. Kc6 Qa6+ 56. Kc5 Qc8+ 57. Kd4 Qd7+ 1/2-1/2

[Event "V Memorial Angelo Mo A"]
[Site "Carignano ITA"]
[Date "2010.05.08"]
[Round "2"]
[White "Mrdja, Milan"]
[Black "Manni, Stefano"]
[Result "1-0"]
[WhiteElo "2383"]
[BlackElo "1960"]
[PlyCount "27"]
[EventDate "2010.05.07"]

1. e4 e5 2. Bc4 Nf6 3. d3 c6 4. Bb3 d5 5. Nf3 Bd6 6. exd5 cxd5 7. Bg5 Be6 8.
Nc3 d4 9. Ne4 Bxb3 10. Bxf6 gxf6 11. axb3 f5 12. Ng3 Bb4+ 13. Kf1 Qf6 14. Nh5
1-0

[Event "V Memorial Angelo Mo A"]
[Site "Carignano ITA"]
[Date "2010.05.08"]
[Round "2"]
[White "Nanni, Sergio"]
[Black "Davter, Mauro"]
[Result "0-1"]
[WhiteElo "1730"]
[BlackElo "1701"]
[PlyCount "110"]
[EventDate "2010.05.07"]

1. e4 c5 2. d4 cxd4 3. c3 dxc3 4. Nxc3 Nc6 5. Nf3 Nf6 6. Be2 g6 7. Bf4 Bg7 8.
O-O O-O 9. Bc4 a6 10. Nd5 Nxd5 11. exd5 Na5 12. Be2 Bxb2 13. Rb1 Bg7 14. d6 e6
15. a4 Nc6 16. Qb3 Rb8 17. Be3 b5 18. axb5 axb5 19. Bxb5 Ba6 20. Qd3 Bxb5 21.
Rxb5 Rxb5 22. Qxb5 Qb8 23. Qd3 Nb4 24. Qd2 Nd5 25. Bc5 Rc8 26. Rc1 Bf8 27. h4
Bxd6 28. Bd4 Bf4 29. Rxc8+ Qxc8 30. Qb2 Qc1+ 31. Qxc1 Bxc1 32. Ne5 d6 33. Nd3
Ba3 34. f4 Nxf4 35. Nxf4 e5 36. Bxe5 dxe5 37. Nd5 f5 38. g4 f4 39. Nf6+ Kg7 40.
Ne4 Be7 41. g5 h6 42. Kg2 hxg5 43. hxg5 Kf7 44. Kf3 Ke6 45. Kg4 Kd5 46. Nd2 Bd8
47. Nf3 Ke4 48. Nd2+ Kd5 49. Nf3 Bc7 50. Nh4 e4 51. Nxg6 f3 52. Ne7+ Ke6 53.
Nf5 Be5 54. Ne3 f2 55. Kh3 Bf4 0-1

[Event "V Memorial Angelo Mo A"]
[Site "Carignano ITA"]
[Date "2010.05.08"]
[Round "2"]
[White "Petritaj, Ferdinando"]
[Black "Biancotti, Alessandro"]
[Result "1-0"]
[WhiteElo "2196"]
[BlackElo "1886"]
[PlyCount "53"]
[EventDate "2010.05.07"]

1. d4 Nf6 2. c4 g6 3. Nc3 d5 4. cxd5 Nxd5 5. e4 Nxc3 6. bxc3 Bg7 7. Nf3 O-O 8.
Be2 c5 9. Rb1 Nc6 10. d5 Ne5 11. Nxe5 Bxe5 12. Qd2 Qa5 13. Rb3 Qc7 14. f4 Bg7
15. c4 Bd7 16. O-O b6 17. Bb2 Rad8 18. Bxg7 Kxg7 19. Kh1 Rh8 20. Qb2+ Kg8 21.
f5 f6 22. Rg3 Kf7 23. e5 Bxf5 24. Rxf5 gxf5 25. Bh5+ Kf8 26. exf6 Rg8 27. f7
1-0

[Event "V Memorial Angelo Mo A"]
[Site "Carignano ITA"]
[Date "2010.05.08"]
[Round "2"]
[White "Revello, Beatrice"]
[Black "Capuzzimati, Fausto"]
[Result "1/2-1/2"]
[WhiteElo "1734"]
[BlackElo "1497"]
[PlyCount "69"]
[EventDate "2010.05.07"]

1. e4 c6 2. d4 d5 3. e5 Bf5 4. g4 Bg6 5. h4 h6 6. h5 Bh7 7. Bd3 e6 8. Bxh7 Rxh7
9. Qd3 Rh8 10. Nc3 Bb4 11. Bd2 Bxc3 12. Bxc3 Nd7 13. Bd2 Qc7 14. O-O-O Nb6 15.
f4 O-O-O 16. Ne2 Nc4 17. Rh3 Nxd2 18. Qxd2 Kb8 19. Rf1 Ne7 20. Rff3 Nc8 21. Rb3
Nb6 22. Qa5 Nc4 23. Qxc7+ Kxc7 24. Rhf3 a5 25. f5 Rhf8 26. Rf2 c5 27. f6 Rg8
28. dxc5 Nxe5 29. fxg7 Rxg7 30. Rg2 Rxg4 31. Rxg4 Nxg4 32. Rg3 f5 33. Ra3 b6
34. cxb6+ Kxb6 35. Rc3 1/2-1/2

[Event "V Memorial Angelo Mo A"]
[Site "Carignano ITA"]
[Date "2010.05.08"]
[Round "2"]
[White "Roversi, Stefano"]
[Black "Drago, Paolo"]
[Result "1-0"]
[WhiteElo "1796"]
[BlackElo "1583"]
[PlyCount "89"]
[EventDate "2010.05.07"]

1. e4 e6 2. d3 d5 3. Nd2 c5 4. g3 Nc6 5. Bg2 Nf6 6. Ngf3 b6 7. O-O Bb7 8. Re1
Be7 9. exd5 exd5 10. Nh4 O-O 11. Nf5 Re8 12. Nxe7+ Rxe7 13. Nf3 Rxe1+ 14. Qxe1
Nb4 15. Qe2 d4 16. a3 Nbd5 17. Bg5 Qd6 18. Re1 Bc6 19. Qe5 Qxe5 20. Nxe5 Re8
21. Bd2 Ba4 22. b3 Bb5 23. a4 Ba6 24. Nc6 Ra8 25. Ne7+ Nxe7 26. Bxa8 Ng6 27.
Bg5 h6 28. Bxf6 gxf6 29. Re8+ Kg7 30. Be4 Ne5 31. Re7 Bc8 32. Rxa7 Bg4 33. Rb7
Bd1 34. Rxb6 Bxc2 35. a5 Bxd3 36. Bxd3 Nxd3 37. a6 Ne5 38. a7 d3 39. a8=Q c4
40. bxc4 Nxc4 41. Rb8 h5 42. Rg8+ Kh7 43. Rh8+ Kg6 44. Qe4+ Kg7 45. Qh7# 1-0